000 00921nam a2200277 a 4500
001 1091147
003 OSt
005 20180116192430.0
008 920506s1993 nyua b 001 0 eng
010 _a 92080335
020 _a0500202613 :
_c$12.95
020 _a9780500202616
040 _aDLC
_cDLC
050 0 0 _aNK1390
_b.D66 1993
082 0 0 _a745.4442
_220
100 1 _aDormer, Peter.
_98159
245 1 0 _aDesign since 1945 /
_cPeter Dormer.
260 _aNew York, NY :
_bThames and Hudson,
_c1993.
300 _a216 p. :
_bill. (some col.) ;
_c21 cm.
440 0 _aWorld of art
_98160
504 _aIncludes bibliographical references (p. 210-211) and index.
650 0 _aDesign
_xHistory
_y20th century.
_98161
906 _a7
_bcbc
_corignew
_d2
_eopcn
_f19
_gy-gencatlg
942 _2ddc
_cBK
999 _c354096
_d354096